| 000 | 01011nam a22003137a 4500 | ||
|---|---|---|---|
| 001 | 0003924 | ||
| 003 | KOHA_MİRAKIL | ||
| 005 | 20260207001352.0 | ||
| 007 | ta | ||
| 008 | 100429b1996 tu |||gr||||#0|||0|tur | | ||
| 020 | _a975363496X | ||
| 040 |
_aTR-BiSEU _btur _cTR-BiSEU _erda |
||
| 041 | 0 | _atur | |
| 044 | _ctu | ||
| 050 |
_aDR479.G3 _bS66 1996 |
||
| 100 | 1 | _aSpohn, Margret. | |
| 245 | 1 |
_aHer şey Türk işi : _bAlmanların Türkler hakkında 500 yıllık (ön)yargıları/ _cMargret Spohn ; Margret Spohn; çeviren Leyla Serdaroğlu. |
|
| 264 | 1 |
_aİstanbul : _bYapı Kredi Yayınları _c1996 |
|
| 300 | _a178 sayfa: resimli; 23 cm. | ||
| 336 |
_ametin _btxt _2rdacontent |
||
| 337 |
_aaracısız _bn _2rdamedia |
||
| 338 |
_acilt _bnc _2rdacarrier |
||
| 490 | 1 |
_aYapı Kredi yayınları - Cogito ; _v47. |
|
| 650 | 0 |
_aKamuoyu--Almanya. _99585 |
|
| 650 | 0 |
_aPublic opinion--Germany. _99586 |
|
| 830 | 1 |
_aYapı Kredi yayınları - Cogito ; _v47. _99587 |
|
| 907 | _aTarih | ||
| 942 |
_2lcc _cBK |
||
| 999 |
_c3907 _d3907 |
||